000 00350nam a2200145Ia 4500
005 20251222153633.0
008 251222s9999||||xx |||||||||||||| ||spa||
020 _a9788416277766
082 _a627/V22
100 _aVallarino Cánovas del Castillo, Eugenio
245 0 _aObras Hidráulicas
250 _a1ra.ed.
264 _bDextra
942 _cLIB
999 _c32449
_d32449